[Event "Quebec-ch qual 1"]
[Site "Montreal"]
[Date "1987.02.20"]
[Round "1"]
[White "Charest, Johanne"]
[Black "Dire, Ralph"]
[Result "0-1"]
[WhiteElo "1341"]
[BlackElo "1747"]
[PlyCount "66"]
[EventDate "1987.02.20"]
[EventType "swiss"]
[EventRounds "5"]
[EventCountry "CAN"]
[SourceTitle "EXT 2022"]
[Source "ChessBase"]
[SourceDate "2021.10.06"]
[SourceVersion "1"]
[SourceVersionDate "2021.10.06"]
[SourceQuality "1"]

1. e4 c5 2. Nf3 d6 3. d4 cxd4 4. Nxd4 Nf6 5. Nc3 a6 6. f3 e6 7. Be3 Qc7 8. Be2 Be7 9. 0-0 0-0 10. Qd2 b5 11. Rad1 Bb7 12. a3 Nbd7 13. b4 Rac8 14. Nb1 Ne5 15. Rc1 Rfd8 16. Bf2 d5 17. exd5 Rxd5 18. Bd3 Nc4 19. Qe2 Bd6 20. h3 Nh5 21. Nc3 Bh2+ 22. Kh1 Rxd4 23. Bxd4 Ng3+ 24. Kxh2 Nxe2+ 25. Kh1 Nxd4 26. Ne4 Bxe4 27. Bxe4 Ne2 28. Rce1 Ng3+ 29. Kg1 Nxf1 30. Rxf1 Rd8 31. c3 Qg3 32. Bb7 Ne3 33. Rc1 Qxg2# 0-1